00912cam a2200229 a 450000100100000000500170001000800410002704000300006808200160009810000430011424500450015726000350020230000210023749000400025865000470029865100660034565100530041183000500046491000340051495201190054899900150066700000668420200929153956.0840907s1961 ag 000 0 spa  aDO-SdBNPcScUdOCoLCdDLC a940.3bI46t1 aIngenieros, José,d1877-1925.91660114aLos tiempos nuevos /cJosé Ingenieros. aBuenos Aires :bLosada,c1961. a173 p. ;c18 cm.1 aBiblioteca Contemporáneavno. 132 4aGuerra mundial i, 1914-1918xCausas918625 4aUnión SoviéticaxHistoriayREVOLUCIÓN, 1917-1921918626 4aUnión SoviéticaxCondiciones Sociales918627 0aBiblioteca Contemporánea ;vno. 132.914729 aCatalogación por copia / LC 001052708MOaGRbGRcCTd2009-09-01iLF1l0o940.3 I46tp6684-10r2020-06-25w2020-06-25y2ZPréstamo interno c6473d6473